Normal view
MARC view
Entry Topical Term
001 - CONTROL NUMBER
- control field: 4226
003 - CONTROL NUMBER IDENTIFIER
- control field: ARRUPE
005 - DATE AND TIME OF LATEST TRANSACTION
- control field: 20131127134023.0
008 - FIXED-LENGTH DATA ELEMENTS
- fixed length control field: 131127|| aca||aabn | a|a d
040 ## - CATALOGING SOURCE
- Original cataloging agency: ARRUPE
- Transcribing agency: ARRUPE
150 ## - HEADING--TOPICAL TERM
- Topical term or geographic name as entry element: Voyages and travels.
670 ## - SOURCE DATA FOUND
- Source citation: Work cat.: (ARRUPE)0: Morison, Samuel Eliot, 1887-1976. 4225, The great explorers :, 1978.